| 000 | 06453nam a22007337a 4500 | ||
|---|---|---|---|
| 005 | 20080701030330.0 | ||
| 008 | 080619s2007 ii | 00| 1 eng | ||
| 010 | _aB-268720-759 | ||
| 020 |
_a9788126025626 _c120.00 |
||
| 035 | _aB-268720-759 | ||
| 040 |
_adpl _bEnglish |
||
| 082 | _aN | ||
| 100 | _aMahanty, Gopinath, | ||
| 240 |
_aLaẏabilaẏa. _lEnglish |
||
| 245 |
_aLaya bilaya: _bhigh tide, ebb tide / _cby Gopinath Mohanty ; translated by Bikram Keshari Das. |
||
| 246 | _aHigh tide, ebb tide | ||
| 260 |
_aNew Delhi : _bSahitya Akademi, _c2007. |
||
| 300 |
_axiv, 182 p. ; _c23 cm (Hb) |
||
| 520 | _aNovel. | ||
| 700 | _aDas, Bikram Keshari | ||
| 942 |
_2ddc _cEN _hN _mMOH |
||
| 999 |
_c16818 _d16818 |
||